| 000 | 00481nam a22001817a 4500 | ||
|---|---|---|---|
| 003 | LK-CoDNM | ||
| 005 | 20250129140341.0 | ||
| 008 | 250129b |||||||| |||| 00| 0 eng d | ||
| 040 |
_aLK-CoDNM _dLK-CoDNM _eLK-CoDNM |
||
| 041 | _aeng | ||
| 080 |
_a13 _bQ22 |
||
| 100 | _aLankester,Sir Ray and Calman,W.T | ||
| 245 | _aTreatise on zoology Part VII | ||
| 260 |
_aLondon _bAdam and Charles Black _c1909 |
||
| 300 | _aviii, 346p. : ill ; 22 cm | ||
| 650 | _aZoology | ||
| 942 | _cBK | ||
| 999 |
_c237658 _d237658 |
||